| 000 | 00509nam a22001937a 4500 | ||
|---|---|---|---|
| 003 | OSt | ||
| 005 | 20140310181802.0 | ||
| 008 | 130703t xxu||||| |||| 00| 0 eng d | ||
| 020 | _a0003702618 | ||
| 050 |
_aPE 1628 _b.C712 1996 |
||
| 082 |
_aREF 423 _bC69 1996 |
||
| 245 |
_aCollins cobuild essentials dictionary / _cSinclair, John |
||
| 260 |
_aLondon : _bHarper Collins Publishers, _c1996. |
||
| 300 |
_a948 p. _c21 cm. |
||
| 521 | _a | ||
| 541 | _j1 | ||
| 562 | _e1 | ||
| 942 |
_2lcc _cBK-GR _kREF |
||
| 999 |
_c3667 _d3667 |
||